Manuel de cartographie (notice n° 1554349)

détails MARC
000 -LEADER
fixed length control field 01856cam a2200289zu 4500
003 - CONTROL NUMBER IDENTIFIER
control field FRCYB88921919
005 - DATE AND TIME OF LATEST TRANSACTION
control field 20251020123452.0
008 - FIXED-LENGTH DATA ELEMENTS--GENERAL INFORMATION
fixed length control field 251020s2016 fr | o|||||0|0|||fre d
020 ## - INTERNATIONAL STANDARD BOOK NUMBER
International Standard Book Number 9782200612856
035 ## - SYSTEM CONTROL NUMBER
System control number FRCYB88921919
040 ## - CATALOGING SOURCE
Original cataloging agency FR-PaCSA
Language of cataloging fr
Transcribing agency
Description conventions rda
100 1# - MAIN ENTRY--PERSONAL NAME
Personal name Lambert, Nicolas
245 01 - TITLE STATEMENT
Title Manuel de cartographie
Remainder of title Principes, méthodes, applications
Statement of responsibility, etc. ['Lambert, Nicolas', 'Zanin, Christine']
264 #1 - PRODUCTION, PUBLICATION, DISTRIBUTION, MANUFACTURE, AND COPYRIGHT NOTICE
Name of producer, publisher, distributor, manufacturer Armand Colin
Date of production, publication, distribution, manufacture, or copyright notice 2016
300 ## - PHYSICAL DESCRIPTION
Extent p.
336 ## - CONTENT TYPE
Content type code txt
Source rdacontent
337 ## - MEDIA TYPE
Media type code c
Source rdamdedia
338 ## - CARRIER TYPE
Carrier type code c
Source rdacarrier
520 ## - SUMMARY, ETC.
Summary, etc. Ce manuel de cartographie propose l'ensemble des outils et méthodes nécessaires pour concevoir, comprendre et interpréter des cartes. Quels fonds de cartes choisir ? Comment traiter les différents types de données ? Comment les traduire en langage cartographique ? Quelles variables visuelles (taille, forme, texture, couleur, etc.) utiliser, et pour quels effets ? Dans une approche plus critique, il permet également d'aller plus loin dans la conception cartographique, en présentant des méthodes innovantes et en détaillant les procédés de « mise en scène ». À la fin de chaque partie, un exercice de mise en pratique des notions abordées, présenté sous la forme d'un jeu, permettra de réaliser une carte finalisée.Avec plus de 120 figures inédites, de nombreux encadrés, définitions et compléments pédagogiques, cet ouvrage constitue une véritable initiation à la cartographie, perçue à la fois comme art de représenter le monde et arme de combat pour le décrypter.
650 #0 - SUBJECT ADDED ENTRY--TOPICAL TERM
Topical term or geographic name entry element
700 0# - ADDED ENTRY--PERSONAL NAME
Personal name Lambert, Nicolas
700 0# - ADDED ENTRY--PERSONAL NAME
Personal name Zanin, Christine
856 40 - ELECTRONIC LOCATION AND ACCESS
Access method Cyberlibris
Uniform Resource Identifier <a href="https://international.scholarvox.com/netsen/book/88921919">https://international.scholarvox.com/netsen/book/88921919</a>
Electronic format type text/html
Host name

Pas d'exemplaire disponible.

PLUDOC

PLUDOC est la plateforme unique et centralisée de gestion des bibliothèques physiques et numériques de Guinée administré par le CEDUST. Elle est la plus grande base de données de ressources documentaires pour les Étudiants, Enseignants chercheurs et Chercheurs de Guinée.

Adresse

627 919 101/664 919 101

25 boulevard du commerce
Kaloum, Conakry, Guinée

Réseaux sociaux

Powered by Netsen Group @ 2025